<?xml version="1.0" encoding="UTF-8"?>
<record
    xmlns:xsi="http://www.w3.org/2001/XMLSchema-instance"
    xsi:schemaLocation="http://www.loc.gov/MARC21/slim http://www.loc.gov/standards/marcxml/schema/MARC21slim.xsd"
    xmlns="http://www.loc.gov/MARC21/slim">

  <leader>02338nam a2200325 i 4500</leader>
  <controlfield tag="003">DO-SdBNP</controlfield>
  <controlfield tag="005">20250605104253.0</controlfield>
  <controlfield tag="007">ta</controlfield>
  <controlfield tag="008">250605b2023    dr ac||| |||| 00| 0 spa d</controlfield>
  <datafield tag="020" ind1=" " ind2=" ">
    <subfield code="a">9789945250787</subfield>
  </datafield>
  <datafield tag="040" ind1=" " ind2=" ">
    <subfield code="a">DO-SdBNP</subfield>
    <subfield code="b">spa</subfield>
    <subfield code="c">BNPHU </subfield>
    <subfield code="e">rda</subfield>
  </datafield>
  <datafield tag="041" ind1=" " ind2=" ">
    <subfield code="a">spa</subfield>
  </datafield>
  <datafield tag="082" ind1=" " ind2="4">
    <subfield code="a">xxx</subfield>
    <subfield code="b">C343h 2023</subfield>
    <subfield code="2">22</subfield>
  </datafield>
  <datafield tag="100" ind1="1" ind2=" ">
    <subfield code="a">Cass&#xE1;, Roberto, </subfield>
    <subfield code="d">1948-</subfield>
    <subfield code="e">autor</subfield>
    <subfield code="4">aut.</subfield>
    <subfield code="9">10888</subfield>
  </datafield>
  <datafield tag="245" ind1="1" ind2="0">
    <subfield code="a">Historia social y econ&#xF3;mica de la Rep&#xFA;blica Dominicana /</subfield>
    <subfield code="c">Roberto Cass&#xE1; ; edici&#xF3;n, Aimara Vera ; diagramaci&#xF3;n, Eric Sim&#xF3;, Juan Francisco Dom&#xED;nguez Novas ; cubierta, Eric Sim&#xF3; ; presentaci&#xF3;n, Natalia Gonz&#xE1;lez Tejera.</subfield>
  </datafield>
  <datafield tag="250" ind1=" " ind2=" ">
    <subfield code="a">Edici&#xF3;n corregida y ampliada </subfield>
  </datafield>
  <datafield tag="264" ind1=" " ind2="4">
    <subfield code="a">Santo Domingo, Rep&#xFA;blica Dominicana :</subfield>
    <subfield code="b">Universidad Aut&#xF3;noma de Santo Domingo (UASD). Facultad de Humanidades ; Archivo General de la Naci&#xF3;n (AGN), </subfield>
    <subfield code="c">&#xA9;2023.</subfield>
  </datafield>
  <datafield tag="300" ind1=" " ind2=" ">
    <subfield code="a">volumen :</subfield>
    <subfield code="b">ilustraciones, fotograf&#xED;as, retratos ;</subfield>
    <subfield code="c">28 cm. </subfield>
  </datafield>
  <datafield tag="336" ind1=" " ind2=" ">
    <subfield code="a">texto</subfield>
    <subfield code="b">txt</subfield>
    <subfield code="2">rdacontent </subfield>
  </datafield>
  <datafield tag="337" ind1=" " ind2=" ">
    <subfield code="a">sin mediaci&#xF3;n </subfield>
    <subfield code="b">n</subfield>
    <subfield code="2">rdamedia</subfield>
  </datafield>
  <datafield tag="338" ind1=" " ind2=" ">
    <subfield code="a">volumen </subfield>
    <subfield code="b">nc</subfield>
    <subfield code="2">rdacarrier </subfield>
  </datafield>
  <datafield tag="505" ind1=" " ind2=" ">
    <subfield code="a">Presentaci&#xF3;n, 13.-- Palabras preliminares, 15.-- Cap&#xED;tulo I. Econom&#xED;a y Relaciones Sociales Hasta 1880, 17.-- Capitulo II. Conformaci&#xF3;n del Estado Nacional, 55.-- Capitulo III. Anexi&#xF3;n y Restauraci&#xF3;n, 87.-- Capitulo IV. Caudillismo, Anexionismo y Nacionalismo, 115.-- Capitulo V. Econom&#xED;a Exportadora y Surgimiento del Capitalismo,147.-- Capitulo VI. Liberalismo y Dictadura, 183.-- Capitulo VII. Resurgimiento del Caudillismo y Dominio Financiero, 217.-- Capitulo VIII. Ocupaci&#xF3;n Militar Estadounidense, 253.-- Capitulo IX. Implantaci&#xF3;n y Primera Parte de la Dictadura de Trujillo, 297.-- Capitulo X. Madurez y Crisis de la Dictadura, 333.-- Capitulo XI. Luchas Sociales y Pol&#xED;ticas Desde 1961 y Revoluci&#xF3;n de Abril, 379.-- Capitulo XII. Los Doce A&#xF1;os, 427.-- Capitulo XIII. Procesos Econ&#xF3;micos de las &#xDA;ltimas D&#xE9;cadas del Siglo XX, 461.-- Capitulo XIV. Transici&#xF3;n Democr&#xE1;tica y Par&#xE1;metros Sociales Finiseculares, 501.-- Bibliograf&#xED;a, 541.</subfield>
  </datafield>
  <datafield tag="590" ind1=" " ind2=" ">
    <subfield code="a">Inventariado, 2025 /LP</subfield>
  </datafield>
  <datafield tag="700" ind1="1" ind2=" ">
    <subfield code="a">Vera, Aimara </subfield>
    <subfield code="e">editor</subfield>
    <subfield code="4">aut.</subfield>
    <subfield code="9">77925</subfield>
  </datafield>
  <datafield tag="700" ind1="1" ind2=" ">
    <subfield code="a">Sim&#xF3;, Eric </subfield>
    <subfield code="e">diagramaci&#xF3;n</subfield>
    <subfield code="4">di</subfield>
    <subfield code="9">313</subfield>
  </datafield>
  <datafield tag="700" ind1="1" ind2=" ">
    <subfield code="a">Dom&#xED;nguez Novas, Juan Francisco </subfield>
    <subfield code="e">diagramaci&#xF3;n</subfield>
    <subfield code="4">di</subfield>
    <subfield code="9">73382</subfield>
  </datafield>
  <datafield tag="700" ind1="1" ind2=" ">
    <subfield code="a">Gonz&#xE1;lez Tejera, Natalia,</subfield>
    <subfield code="e">presentador</subfield>
    <subfield code="4">pr.</subfield>
    <subfield code="9">55788</subfield>
  </datafield>
  <datafield tag="910" ind1=" " ind2=" ">
    <subfield code="a">LP</subfield>
  </datafield>
  <datafield tag="942" ind1=" " ind2=" ">
    <subfield code="2">ddc</subfield>
    <subfield code="c">LBS1</subfield>
  </datafield>
  <datafield tag="952" ind1=" " ind2=" ">
    <subfield code="0">0</subfield>
    <subfield code="1">0</subfield>
    <subfield code="2">ddc</subfield>
    <subfield code="5">1</subfield>
    <subfield code="7">0</subfield>
    <subfield code="8">PD</subfield>
    <subfield code="a">BNPHU</subfield>
    <subfield code="b">BNPHU</subfield>
    <subfield code="c">CT</subfield>
    <subfield code="d">2025-03-27</subfield>
    <subfield code="e">Dep&#xF3;sito Legal</subfield>
    <subfield code="l">0</subfield>
    <subfield code="o">xxx C343h 2023</subfield>
    <subfield code="p">2025-3751</subfield>
    <subfield code="r">2025-04-28</subfield>
    <subfield code="t">v.1</subfield>
    <subfield code="w">2025-04-28</subfield>
    <subfield code="y">LBS1</subfield>
  </datafield>
  <datafield tag="952" ind1=" " ind2=" ">
    <subfield code="0">0</subfield>
    <subfield code="1">0</subfield>
    <subfield code="2">ddc</subfield>
    <subfield code="5">1</subfield>
    <subfield code="7">0</subfield>
    <subfield code="8">PD</subfield>
    <subfield code="a">BNPHU</subfield>
    <subfield code="b">BNPHU</subfield>
    <subfield code="c">CT</subfield>
    <subfield code="d">2025-03-27</subfield>
    <subfield code="e">Dep&#xF3;sito Legal</subfield>
    <subfield code="l">0</subfield>
    <subfield code="o">xxx C343h 2023</subfield>
    <subfield code="p">2025-3752</subfield>
    <subfield code="r">2025-04-28</subfield>
    <subfield code="t">v.1, e.2</subfield>
    <subfield code="w">2025-04-28</subfield>
    <subfield code="y">LBS1</subfield>
  </datafield>
  <datafield tag="952" ind1=" " ind2=" ">
    <subfield code="0">0</subfield>
    <subfield code="1">0</subfield>
    <subfield code="2">ddc</subfield>
    <subfield code="5">6</subfield>
    <subfield code="7">0</subfield>
    <subfield code="8">DS</subfield>
    <subfield code="a">BNPHU</subfield>
    <subfield code="b">BNPHU</subfield>
    <subfield code="c">CT</subfield>
    <subfield code="d">2025-03-27</subfield>
    <subfield code="e">Dep&#xF3;sito Legal</subfield>
    <subfield code="l">0</subfield>
    <subfield code="o">xxx C343h 2023</subfield>
    <subfield code="p">2025-3753</subfield>
    <subfield code="r">2025-04-28</subfield>
    <subfield code="t">v.1, e.3</subfield>
    <subfield code="w">2025-04-28</subfield>
    <subfield code="y">LBS1</subfield>
  </datafield>
  <datafield tag="999" ind1=" " ind2=" ">
    <subfield code="c">58838</subfield>
    <subfield code="d">58838</subfield>
  </datafield>
</record>
